| 000 | 00378nam a2200145 a 4500 | ||
|---|---|---|---|
| 005 | 20140412111427.0 | ||
| 008 | 090701s19uu xx 00 eng d | ||
| 020 | _a1-7412-1311-8 | ||
| 050 |
_aER _bFi44 2004 |
||
| 245 | _aFirst Mighty Movers. | ||
| 260 |
_aChina : _bHinkler books, _c2004. |
||
| 300 | _a1v.unp. | ||
| 650 | _aLand, water, Air Transportation | ||
| 999 |
_c106275 _d106275 |
||